Terminologia medica. (Record no. 37920)
[ view plain ]
| 000 -LEADER | |
|---|---|
| fixed length control field | 00579cam a22002171 4500 |
| 001 - CONTROL NUMBER | |
| control field | med46000321 |
| 003 - CONTROL NUMBER IDENTIFIER | |
| control field | DLC |
| 005 - DATE AND TIME OF LATEST TRANSACTION | |
| control field | 20260227111557.0 |
| 008 - FIXED-LENGTH DATA ELEMENTS--GENERAL INFORMATION | |
| fixed length control field | 810815s1946 xx d 000 0 ita |
| 010 ## - LIBRARY OF CONGRESS CONTROL NUMBER | |
| LC control number | med46000321 |
| 035 ## - SYSTEM CONTROL NUMBER | |
| System control number | (OCoLC)14753000 |
| 040 ## - CATALOGING SOURCE | |
| Original cataloging agency | DLC |
| Transcribing agency | DNLM |
| Modifying agency | DLC |
| 042 ## - AUTHENTICATION CODE | |
| Authentication code | premarc |
| 050 00 - LIBRARY OF CONGRESS CALL NUMBER | |
| Classification number | R121 |
| Item number | .F44 1946 |
| 060 0# - NATIONAL LIBRARY OF MEDICINE CALL NUMBER | |
| Classification number | W 13 |
| Item number | F393t 1946 |
| 100 1# - MAIN ENTRY--PERSONAL NAME | |
| Personal name | Ferrio, Luigi. |
| 245 10 - TITLE STATEMENT | |
| Title | Terminologia medica. |
| 250 ## - EDITION STATEMENT | |
| Edition statement | 3. ed. riveduta e molto ampliata. |
| 260 ## - PUBLICATION, DISTRIBUTION, ETC. | |
| Place of publication, distribution, etc. | Torino, |
| Name of publisher, distributor, etc. | Unione tipografico-editrice torinese, |
| Date of publication, distribution, etc. | 1946. |
| 300 ## - PHYSICAL DESCRIPTION | |
| Extent | 1 p. l., 789 p. |
No items available.